000 00644nam a2200217Ii 4500
003 JO-AjNU
008 230605s9999||||xx |||||||||||||| ||und||
017 _a1993/8/932
040 _aJO-AjNU
_bara
_erda
_cJO-AjNU
041 _aara
050 1 4 _aKMM272.K25.1993
100 3 _a كنعان، نواف ,
_eauthor
_946928
245 0 0 _aالقانون الاداري الأردني
250 _aط1
264 3 1 _aعمان : نواف كنعان ، 1993
300 _a365ص
336 _atext
_btxt
_2rdacontent
337 _aunmediated
_bn
_2rdamedia
338 _avolume
_bnc
_2rdacarrier
650 4 _aالقانون الاداري
_946929
999 _aA20451
_c24019
_d24019